000 00368nam a2200133Ia 4500
008 240624s9999 xx 000 0 und d
041 _aeng
082 _a381.4579654 GOR
100 _aGORMAN LEON
245 _aL L BEAN THE MAKING OF AN AMERICAN ICON
260 _c2006
_aBoston
_bHarvard Businesss School Press
300 _axv, : 304 : p. : cm. ; 23
365 _cRS
_b25
999 _c7736
_d7736